00436nam a2200169 a 4500001001300000003000900013005001700022008004100039020002300080082001500103245002600118260003100144300000900175500003500184505002400219710002300243nice12345678IN_TiNIC20260116014053.0050524s2004 dela grp 000 0 eng  a0670057916 c39500a923.6bPEN aProphets of New India aDelhibPenguin Booksc2004 a269p aincludes index and biblioraphy2 aBibliography, Index2 aPenguin Publishers